| 000 | 00827nam a2200265 a 4500 | ||
|---|---|---|---|
| 001 | 000015807 | ||
| 005 | 20200929164148.0 | ||
| 008 | 861105s1986 ck b 000 0 spa | ||
| 010 | _a86221402 | ||
| 020 | _z9043240 | ||
| 040 |
_aDO-SdBNP _cDLC _dDLC |
||
| 082 |
_a079.861 _bZ22n |
||
| 100 | 1 |
_aZalamea, Alberto. _935566 |
|
| 245 | 1 | 3 |
_aLa Nueva prensa : _b25 anos despues, 1961-1986 / _cAlberto Zalamea. |
| 250 | _a1a ed. | ||
| 260 |
_aBogotá, Colombia : _bProcultura, _c1986. |
||
| 300 |
_a2 v. ; _c25 cm. |
||
| 490 | 1 | _aNueva biblioteca colombiana de cultura | |
| 504 | _aIncludes bibliographical references. | ||
| 650 | 4 |
_aPeriodismo. _zColombia _935567 |
|
| 650 | 4 |
_aPrensa _zColombia _935568 |
|
| 830 | 0 |
_aNueva biblioteca colombiana de cultura _924165 |
|
| 910 | _aCatalogación por copia / LC | ||
| 049 | _BBNGR | ||
| 999 |
_c15353 _d15353 |
||